<?xml version="1.0" encoding="UTF-8"?>
<record
    xmlns:xsi="http://www.w3.org/2001/XMLSchema-instance"
    xsi:schemaLocation="http://www.loc.gov/MARC21/slim http://www.loc.gov/standards/marcxml/schema/MARC21slim.xsd"
    xmlns="http://www.loc.gov/MARC21/slim">

  <leader>03145nam a2200433   4500</leader>
  <datafield tag="999" ind1=" " ind2=" ">
    <subfield code="c">6559</subfield>
    <subfield code="d">6559</subfield>
  </datafield>
  <controlfield tag="003">OSt</controlfield>
  <controlfield tag="005">20260421133149.0</controlfield>
  <controlfield tag="008">190228c        xxuf||p| |||| 00| 0 spa d</controlfield>
  <datafield tag="020" ind1=" " ind2=" ">
    <subfield code="a">9789873047527</subfield>
  </datafield>
  <datafield tag="040" ind1=" " ind2=" ">
    <subfield code="c">PJ</subfield>
  </datafield>
  <datafield tag="245" ind1="1" ind2="0">
    <subfield code="a">Revista de derecho procesal :</subfield>
    <subfield code="b">inteligencia artificial y proceso /</subfield>
    <subfield code="c">editor Roland Arazi...[et al.]</subfield>
  </datafield>
  <datafield tag="260" ind1=" " ind2=" ">
    <subfield code="a">Santa Fe:</subfield>
    <subfield code="b">Rubinzal-Culzoni,</subfield>
    <subfield code="c">2025.</subfield>
  </datafield>
  <datafield tag="300" ind1=" " ind2=" ">
    <subfield code="a">692 p.</subfield>
    <subfield code="c">23 cm.</subfield>
  </datafield>
  <datafield tag="310" ind1=" " ind2=" ">
    <subfield code="a">semestral</subfield>
  </datafield>
  <datafield tag="362" ind1=" " ind2=" ">
    <subfield code="a">No. 1 (2023)</subfield>
  </datafield>
  <datafield tag="505" ind1=" " ind2=" ">
    <subfield code="t">Consideraciones para la incorporaci&#xF3;n de la inteligencia artificial en el proceso judicial /</subfield>
    <subfield code="r"> Lola C. S. Rivero, Marcela E. Gonz&#xE1;lez, Pablo D. Sinopoli, Santiago T. Saponara, Emiliano L. Lizarraga y Lukas A. Musfeldt Director de semillero.</subfield>
  </datafield>
  <datafield tag="505" ind1=" " ind2=" ">
    <subfield code="t">Inteligencia artificial y proceso. &#xBF;asistencia o agencia? - desaf&#xED;os &#xE9;ticos y funcionales /</subfield>
    <subfield code="r">Guillermo R. Cosentino.</subfield>
  </datafield>
  <datafield tag="505" ind1=" " ind2=" ">
    <subfield code="t">&#xBF;hacia una nueva justicia? - la implementaci&#xF3;n de la inteligencia artificial en la gesti&#xF3;n judicial y en los contratos /</subfield>
    <subfield code="r">Juan Manuel Rodrigo.</subfield>
  </datafield>
  <datafield tag="505" ind1=" " ind2=" ">
    <subfield code="t">El derecho procesal frente a la inteligencia artificial /</subfield>
    <subfield code="r">Jorge A. Rojas.</subfield>
  </datafield>
  <datafield tag="505" ind1=" " ind2=" ">
    <subfield code="t">Evoluci&#xF3;n de la justicia: la inteligencia artificial como impulso para reformas procesales eficientes /</subfield>
    <subfield code="r">Lara Morquecho.</subfield>
  </datafield>
  <datafield tag="505" ind1=" " ind2=" ">
    <subfield code="t">Las garant&#xED;as constitucionales como l&#xED;mite a la justicia algor&#xED;tmica /</subfield>
    <subfield code="r">Daniela I. M. Piombo.</subfield>
  </datafield>
  <datafield tag="505" ind1=" " ind2=" ">
    <subfield code="t">Inteligencia artificial y debido proceso. un enfoque de derechos humanos /</subfield>
    <subfield code="r">Mar&#xED;a Melisa Puliafito.</subfield>
  </datafield>
  <datafield tag="505" ind1=" " ind2=" ">
    <subfield code="t">IA y prueba: &#xBF;fuente, medio, asistente en la valoraci&#xF3;n judicial o todo a la vez? /</subfield>
    <subfield code="r">Alejandro B&#xE9;rgamo Scarso y Germ&#xE1;n Augusto Degano.
</subfield>
  </datafield>
  <datafield tag="505" ind1=" " ind2=" ">
    <subfield code="t">La prueba de turing en el &#xE1;mbito jur&#xED;dico procesal /</subfield>
    <subfield code="r">Andrea Ledesma Piga y Santiago Bustos Ruiz.</subfield>
  </datafield>
  <datafield tag="505" ind1=" " ind2=" ">
    <subfield code="t">Valoraci&#xF3;n probatoria con inteligencia artificial generativa /</subfield>
    <subfield code="r">Jos&#xE9; Osvaldo Ledesma.</subfield>
  </datafield>
  <datafield tag="505" ind1=" " ind2=" ">
    <subfield code="t">Del algoritmo al veredicto - un breve an&#xE1;lisis sobre el uso de la inteligencia artificial generativa en la redacci&#xF3;n de sentencias judiciales /</subfield>
    <subfield code="r">Dami&#xE1;n Alejandro Mariani Reola.</subfield>
  </datafield>
  <datafield tag="505" ind1=" " ind2=" ">
    <subfield code="t">Interpretaci&#xF3;n decisoria y uso de la inteligencia artificial /</subfield>
    <subfield code="r">Gonzalo Sar&#xE1;chaga.</subfield>
  </datafield>
  <datafield tag="505" ind1=" " ind2=" ">
    <subfield code="t">La inteligencia artificial como herramienta para garantizar el derecho a ser juzgado dentro de un plazo razonable /</subfield>
    <subfield code="r">Sergio Nicol&#xE1;s Jalil.</subfield>
  </datafield>
  <datafield tag="505" ind1=" " ind2=" ">
    <subfield code="t">Inteligencia artificial, proceso y superiores tribunales de justicia /</subfield>
    <subfield code="r">Andrea A. Meroi.</subfield>
  </datafield>
  <datafield tag="505" ind1=" " ind2=" ">
    <subfield code="t">La posible implementaci&#xF3;n de la inteligencia artificial para la efectivizaci&#xF3;n de las decisiones judiciales en materia de familia. automatizaci&#xF3;n de documentos judiciales /</subfield>
    <subfield code="r">Mar&#xED;a Celeste del Huerto Silva.</subfield>
  </datafield>
  <datafield tag="505" ind1=" " ind2=" ">
    <subfield code="t">Inteligencia artificial, m&#xE9;todos alternativos de resoluci&#xF3;n de conflictos y mediaci&#xF3;n: un impulso al acceso a la justicia /</subfield>
    <subfield code="r">Adri&#xE1;n V&#xED;ctor Bugvila.</subfield>
  </datafield>
  <datafield tag="650" ind1=" " ind2="0">
    <subfield code="9">267</subfield>
    <subfield code="a">DERECHO PROCESAL</subfield>
  </datafield>
  <datafield tag="650" ind1=" " ind2="0">
    <subfield code="9">5817</subfield>
    <subfield code="a">INTELIGENCIA ARTIFICIAL</subfield>
  </datafield>
  <datafield tag="700" ind1=" " ind2=" ">
    <subfield code="9">1980</subfield>
    <subfield code="a">Arazi, Roland</subfield>
    <subfield code="e">director</subfield>
  </datafield>
  <datafield tag="700" ind1=" " ind2=" ">
    <subfield code="9">119</subfield>
    <subfield code="a">Berizonce, Roberto Omar</subfield>
    <subfield code="e">director</subfield>
  </datafield>
  <datafield tag="700" ind1=" " ind2=" ">
    <subfield code="a">Falc&#xF3;n, Enrique Manuel</subfield>
    <subfield code="e">director</subfield>
    <subfield code="9">270</subfield>
  </datafield>
  <datafield tag="700" ind1=" " ind2=" ">
    <subfield code="9">2135</subfield>
    <subfield code="a">Peyrano, Jorge Walter</subfield>
    <subfield code="e">director</subfield>
  </datafield>
  <datafield tag="942" ind1=" " ind2=" ">
    <subfield code="2">udc</subfield>
    <subfield code="c">PP</subfield>
    <subfield code="h">347.9(05)</subfield>
    <subfield code="i">REV</subfield>
  </datafield>
  <datafield tag="952" ind1=" " ind2=" ">
    <subfield code="0">0</subfield>
    <subfield code="1">0</subfield>
    <subfield code="2">udc</subfield>
    <subfield code="4">0</subfield>
    <subfield code="7">0</subfield>
    <subfield code="a">DJS</subfield>
    <subfield code="b">DJS</subfield>
    <subfield code="d">2026-02-24</subfield>
    <subfield code="p">6770</subfield>
    <subfield code="r">2026-02-24</subfield>
    <subfield code="w">2026-02-24</subfield>
    <subfield code="y">PP</subfield>
  </datafield>
</record>
